Logo BPK

Biblioteka

Politechniki Koszalińskiej

Die deutsche Ballade von Bürger bis Brecht : (Rekord nr 50446)

Szczegóły MARC
000 -ETYKIETA REKORDU
podpole kontrolne o stałej długości 00603nam a2200205 i 4500
001 - NUMER KONTROLNY REKORDU
pole kontrolne bgj
040 ## - ŹRÓDŁO KATALOGOWANIA
Instytucja, która utworzyła rekord BPK
041 0# - KOD JĘZYKA
Kod języka tekstu ger
044 ## - KOD KRAJU WYDAWCY/PRODUCENTA
Kod kraju wydawcy/producenta DEU
080 ## - UNIWERSALNA KLASYFIKACJA DZIESIĘTNA - UKD
UKD 821.112.2
008 - POLE O STAŁEJ DŁUGOŚCI - DANE KONTROLNE
podpole kontrolne o stałej długości s gw f |000 0 ger
100 1# - NAZWA OSOBOWA
Nazwa osobowa HINCK, Walter.
245 10 - TYTUŁ/ODPOWIEDZIALNOŚĆ
Tytuł Die deutsche Ballade von Bürger bis Brecht :
Ciąg dalszy tytułu Kritik und Versuch einer Neuorientung /
Pozostałe elementy strefy tytułu i oznaczenia odpowiedzialności Walter Hinck.
260 ## - STREFA ADRESU WYDAWNICZEGO
Miejsce wydania Göetingen :
Nazwa wydawcy/dystrybutora Vandenhoeck & Ruprecht,
Data publikacji, dystrybucji/powstania dokumentu 1968.
300 ## - STREFA OPISU FIZYCZNEGO
Objętość 152, [1] s. ;
Rozmiary 20 cm.
490 1# - STREFA SERII I DOKUMENTU WIELOCZĘŚCIOWEGO - FORMA NIE DO WYSZUKIWANIA
Tytuł i oznaczenie odpowiedzialności serii Kleine Vandenhoeck-Reihe
Numeracja w obrębie serii 273 S
650 9# - HASŁO PRZEDMIOTOWE W FORMIE NAZWY OGÓLNEJ LUB JEDNOSTKOWEJ
Nazwa ogólna lub geograficzna Literatura niemiecka
830 ## - HASŁO DODATKOWE SERII LUB DOKUMENTU WIELOCZĘŚCIOWEGO - TYTUŁ UJEDNOLICONY
Tytuł ujednolicony Kleine Vandenhoeck-Reihe
856 ## - LOKALIZACJA I DOSTĘP DO ELEKTRONICZNYCH DOKUMENTÓW ZDALNYCH
Link (URL) http://koha.tu.koszalin.pl/cgi-bin/koha/opac-detail.pl?biblionumber=50446
Tekst linku Katalog online BPK
942 ## - DODATKOWE ELEMENTY (KOHA)
Typ dokumentu Książka
Egzemplarze
Wycofany Status egzemplarza Uszkodzony Dostępność Lokalizacja stała Lokalizacja bieżąca Miejsce przechowywania Sygnatura Kod kreskowy Typ dokumentu
      Tylko na miejscu Biblioteka Politechniki Koszalińskiej Biblioteka Politechniki Koszalińskiej Czytelnia Wydziałowa ul. Kwiatkowskiego 6e N 362 02121987 Książka
© 2023 Biblioteka Politechniki Koszalińskiej :: KOHA